| 000 | 01498cam a2200361 a 4500 | ||
|---|---|---|---|
| 001 | 17275943 | ||
| 003 | OSt | ||
| 005 | 20180116183017.0 | ||
| 008 | 120427s2012 caua b 001 0 eng | ||
| 010 | _a 2012015156 | ||
| 020 | _a9788132108986 (pb) | ||
| 040 |
_aDLC _cDLC _dDLC |
||
| 042 | _apcc | ||
| 050 | 0 | 0 |
_a305.2 _b.S56 2012 |
| 082 | 0 | 0 |
_a305.2 _223 |
| 100 | 1 |
_aSingh, Pritam, _d1941- |
|
| 245 | 1 | 0 |
_aMillennials and the workplace : _bchallenges for architecting the organizations of tomorrow _cPritam Singh, Asha Bhandarker, Sumita Rai ; based on a research study by All India Management Association. |
| 260 |
_aLos Angeles . _bSage Publications. _c2012. |
||
| 300 |
_a233 p. _bill. ; _c25 cm. |
||
| 500 | _aPaper Cover | ||
| 504 | _aIncludes bibliographical references and index. | ||
| 505 | 0 | _aMeaning of work and workplace : a panoramic view -- Who are the millennials? -- Meaning of workplace : millennials' valence -- Meaning of workplace : expectations vs. reality of workplace attributes -- Architecting the organization of tomorrow. | |
| 600 | _aSingh, Pritam, | ||
| 650 | 0 | _aGeneration Y. | |
| 650 | 0 | _aWork environment. | |
| 650 | 0 | _aOrganizational change. | |
| 700 | 1 | _aBhandarker, Asha. | |
| 700 | 1 |
_aRai, Sumita, _d1973- |
|
| 710 | 2 | _aAll India Management Association. | |
| 906 |
_a7 _bcbc _corignew _d1 _eecip _f20 _gy-gencatlg |
||
| 942 |
_2ddc _cBK _k305.2 |
||
| 999 |
_c350437 _d350437 |
||